Overwatch-Trivia/Facts - Statistics

General Stats
  • This quiz has been taken 1,167 times
  • The average score is 3 of 10
Answer Stats
Hint Answer % Correct
How many heroes are there? 23
64%
What is Reinhardt's second name? Wilhelm
61%
Where is Winston from? The moon
56%
What is Widowmakers husband called? Gerard
50%
What was Ana's name when she came back from being shot? Shrike
26%
Where was Mei assigned to? Eco Point Antartica
19%
What company first produced the Omnics Omnica
8%
What is the name of the global conspiracy revealed in Sombra's short The Iris
6%
Where did Lucio get his weapon? Vishkar Industries
4%
What is the name of the song that plays when Lucio is speed boosting We move together as one
4%
No matching quizzes found
Score Distribution
Percent of People with Each Score
Percentile by Number Answered
Your Score History
You have not taken this quiz